000 00362nam a2200133Ia 4500
008 230917s9999||||xx |||||||||||||| ||und||
040 _e89974
_aMAIN
041 _aEnglish
082 _a352.054558 Y11G
100 _aYadav, Khushi Ram
245 0 _aGrass-root democracy in Haryana: A case study of Bharawas village panchayat
300 _a107 p.
942 _cTH
999 _c202155
_d202155